000 00519nam a2200181Ia 4500
008 180921t2015 xxu||||| |||| 00| 0 sin d
041 _asin
080 _a294.392
_bMAH
100 _aAthkadure Sumanasara Himi
_ecom.
245 _aමහායාන මතවාද විමර්ශන
246 _aMahayana Mathawada Wimarshana
260 _bSamayawardhana
_aColombo
_c2015
300 _b120p, 21cm
700 _aS.A.G.Wijesingha
_ecom.
942 _cBK
999 _c3429
_d3429
003 LK-CoDNM
040 _aLK-CoDNM
_dLK-CoDNM
_eLK-CoDNM